000 01047nam a2200325 i 4500
003 EG-GICUC
005 20260426104057.0
008 260426s1983 us ||||fr|||| 00| 0 eng d
020 _a0070162670
040 _aEG-GiCUC
_beng
_cEG-GiCUC
_dEG-GiCUC
_eRda
082 0 4 _221
_a343.81
_bDE . F
092 0 4 _221
099 _aLaw1 10 343.81 DE . F 1983
100 1 _aDe Forest,Peter R.
_eAuthor.
245 1 0 _aForensic Science:
_bAn Introduction to Criminalistics/
_cPeter R. De Forest.
264 1 _aUnited States :
_bMcGraw-Hill Book Company,
_c1983.
300 _a463 page ;
_c 24 cm.
336 _2rda contenu
_a texte
337 _2rda medias
_aOrdinateur
338 _2 transporteur rda
_a Ressource en ligne
546 _aText in English
650 1 _aCriminal Law
650 1 _aScientific Police Investigation
650 1 _aCriminalistics
700 1 _aGaensslen,R. E.
_eAuthor.
700 1 _aLee,Henry C.
_eAuthor.
856 4 0 _uhttps://fll.law.cu.edu.eg/fulltext/bks/B10-11141.pdf
905 _a59
942 _2ddc
_n0
_cBK
_e21
999 _c73436
_d73436